Obálka Náhled e-knihy:
PDF Epub
Pro půjčování e-knih musíte být přihlášeni.
Jak si půjčit online?

Ema a její kouzelná zoo. Roztomilá lama /

Další příběh o holčičce Emě, která žije s maminkou v kouzelné ZOO a rozumí řeči zvířat.

Uloženo v:
Série:Ema a její kouzelná zoo, část 5
Hlavní autor: Cobb, Amelia (Autor)
Další autoři: Brožová, Eva (Autor)
Médium: E-kniha
Jazyk:Czech
Vydáno: Praha : Fragment, 2019
Vydání:1. vydání
Témata:
Příbuzné jednotky:Přeloženo z: Zoe's rescue zoo
Z cyklu:: Ema a její kouzelná zoo
Tagy:
Žádné tagy
LEADER 02673cam a2200505 i 4500
001 311069
003 CZ PrSKC
005 20260601215659.0
007 ta
008 190724s2019 xr a b 000 j cze d
015 |a cnb003119278 
020 |a 9788025342732  |q (vázáno) :  |c Kč 159,00 
035 |a (OCoLC)1119026859 
040 |a CBA001  |b cze  |d ABG001  |e rda 
041 1 |a cze  |h eng 
072 7 |a 821.111-3  |x Anglická próza, anglicky psaná  |2 Konspekt 
072 7 |a 821-93  |x Literatura pro děti a mládež (beletrie)  |2 Konspekt 
080 |a 821.111-32  |2 MRF 
080 |a 821-93  |2 MRF 
080 |a (0:82-32)  |2 MRF 
100 1 |a Cobb, Amelia  |7 xx0217911  |4 aut 
240 1 0 |a Little llama.  |l Česky 
245 1 0 |a Ema a její kouzelná zoo.  |p Roztomilá lama /  |c Amelia Cobb ; z anglického originálu Zoe's rescue zoo - The little llama přeložila Eva Brožová 
246 3 0 |a Roztomilá lama 
250 |a 1. vydání 
264 1 |a Praha :  |b Fragment,  |c 2019 
300 |a 114 stran :  |b ilustrace ;  |c 20 cm 
336 |a text  |b txt  |2 rdacontent 
337 |a bez média  |b n  |2 rdamedia 
338 |a svazek  |b nc  |2 rdacarrier 
520 2 |a Další příběh o holčičce Emě, která žije s maminkou v kouzelné ZOO a rozumí řeči zvířat.  |b Vyprávění o Emě a jejích kouzelných schopnostech pokračuje v zimě, kdy její strýček přiveze okouzlující lamu s vekýma smutnýma očima. Lama Lotka má velkou šanci stát se hvězdou připravované zimní show, ale zároveň musí Ema vyřešit i smutek mladé lamy. I když byla nalezena opuštěna uprostřed pustiny, patří mezi stádní zvířata a samota ji velmi trýzní. Ale od toho je tu přeci Ema a její kamarádi - vždyť v ZOO je spousta veselých zvířecích rodinek. 
521 8 |a Pro čtenáře od 7 let 
655 7 |a anglické příběhy  |7 fd131813  |2 czenas 
655 7 |a publikace pro děti  |7 fd133156  |2 czenas 
655 9 |a English stories  |2 eczenas 
655 9 |a children's literature  |2 eczenas 
700 1 |a Brožová, Eva  |7 jn20010309864  |4 trl 
765 0 |t Zoe's rescue zoo 
787 0 8 |i Z cyklu:  |t Ema a její kouzelná zoo  |g 5 
900 |a ABA001  |b 21 
928 9 |a Albatros Media - Fragment 
044 |a xr 
910 |a RBIT002 
998 |d 185937  |a https://core.palmknihy.cz/api/books/185937/cover?puvxsh  |b https://core.palmknihy.cz/api/books/185937/cover/400?puvxsh  |c https://core.palmknihy.cz/api/books/185937/cover/50?puvxsh  |e 2026-07-10  |g 120  |i 9788025342732  |j https://core.palmknihy.cz/api/books/185937/preview.epub  |k https://core.palmknihy.cz/api/books/185937/preview.pdf  |l   |q 49  |r 1  |s https://www.palmknihy.cz/kniha/185937  |t ebook  |y 2019  |z 0  |v Ema a její kouzelná zoo  |w 5 
999 |d 311067